00633 2200241 4500001002100000005001500021035002000036007000300056008004100059020002200100082001100122084001700133100001300150245007300163250001000236260003300246300003100279650002500310700001500335700001700350990001200367990001200379INLIS00000000000170320180312092120 a0010-0318000046ta180312 g 0 ind  a978-602-1246-04-7 a793.74 a793.74 MAX t0 aMAXRIZAL1 aTeka-Teki Matematis /cMaxrizal; penyunting, Mundaryani, A.W Saputri acet.1 aYogyakarta :bB First,c2014 a191 hlm. :bilus. ;c17 cm aMATEMATIKA.PERMAINAN0 aMUNDARYANI0 aSAPUTRI, A.W a16495 a a16495 b